000968158 001__ 968158 000968158 005__ 20260128120004.0 000968158 0247_ $$2ISBN$$a978-3-031-41225-7 000968158 0247_ $$2ISBN$$a978-3-031-41226-4 000968158 0247_ $$2ISSN$$a2367-3370 000968158 0247_ $$2ISSN$$a2367-3389 000968158 0247_ $$2doi$$a10.1007/978-3-031-41226-4_25 000968158 0247_ $$2SCOPUS$$aSCOPUS:2-s2.0-85172703354 000968158 037__ $$aRWTH-2023-08449 000968158 041__ $$aEnglish 000968158 1001_ $$0P:(DE-82)IDM04400$$aHensen, Benedikt$$b0$$eCorresponding author$$urwth 000968158 1112_ $$a13. International Conference on Methodologies and Intelligent Systems for Technology Enhanced Learning$$cGuimarães$$d2023-07-12 - 2023-07-14$$gMIS4TEL 2023$$wPortugal 000968158 245__ $$aCollaborative Learning in Mixed Reality Using WebXR and H5P$$honline, print 000968158 260__ $$aCham, Switzerland$$bSpringer$$c2023 000968158 29510 $$aMethodologies and intelligent systems for technology enhanced learning, 13th International Conference / Marcelo Milrad, Nuno Otero, María Cruz Sánchez‑Gómez, Juan José Mena, Dalila Durães, Filippo Sciarrone, Claudio Alvarez-Gómez, Manuel Rodrigues, Pierpaolo Vittorini, Rosella Gennari, Tania Di Mascio, Marco Temperini, Fernando De la Prieta editors 000968158 300__ $$a239-249 000968158 3367_ $$033$$2EndNote$$aConference Paper 000968158 3367_ $$0PUB:(DE-HGF)7$$2PUB:(DE-HGF)$$aContribution to a book$$mcontb 000968158 3367_ $$0PUB:(DE-HGF)8$$2PUB:(DE-HGF)$$aContribution to a conference proceedings$$bcontrib$$mcontrib 000968158 3367_ $$2BibTeX$$aINPROCEEDINGS 000968158 3367_ $$2DRIVER$$aconferenceObject 000968158 3367_ $$2DataCite$$aOutput Types/Conference Paper 000968158 3367_ $$2ORCID$$aCONFERENCE_PAPER 000968158 4900_ $$aLecture notes in networks and systems$$v764 000968158 536__ $$0G:(BMBF)16DHB2213$$aBMBF 16DHB2213 - Verbundprojekt: Personalisierte Kompetenzentwicklung und hybrides KI-Mentoring - tech4compKI; Teilvorhaben: Verteilte Datenanalyse zur Bestimmung von Personmerkmalen (16DHB2213)$$c16DHB2213$$x0 000968158 588__ $$aDataset connected to CrossRef Book Series, Journals: publications.rwth-aachen.de 000968158 591__ $$aGermany 000968158 7001_ $$0P:(DE-82)IDM05972$$aKühlem, Konstantin Wilfried$$b1$$urwth 000968158 8564_ $$uhttps://publications.rwth-aachen.de/record/968158/files/968158.pdf$$yRestricted 000968158 909CO $$ooai:publications.rwth-aachen.de:968158$$pVDB 000968158 9101_ $$0I:(DE-588b)36225-6$$6P:(DE-82)IDM04400$$aRWTH Aachen$$b0$$kRWTH 000968158 9101_ $$0I:(DE-588b)36225-6$$6P:(DE-82)IDM05972$$aRWTH Aachen$$b1$$kRWTH 000968158 9151_ $$0StatID:(DE-HGF)0031$$2StatID$$aPeer reviewed article$$x0 000968158 9201_ $$0I:(DE-82)124510_20160614$$k124510$$lLehrstuhl für Informatik 5 (Informationssysteme und Datenbanken)$$x0 000968158 9201_ $$0I:(DE-82)120000_20140620$$k120000$$lFachgruppe Informatik$$x1 000968158 9201_ $$0I:(DE-82)121620_20140620$$k121620$$lLehr- und Forschungsgebiet Informatik 3 (Softwarekonstruktion)$$x2 000968158 961__ $$c2023-08-31T11:21:23.013905$$x2023-08-31T10:59:07.454120$$z2023-09-01 000968158 980__ $$aI:(DE-82)120000_20140620 000968158 980__ $$aI:(DE-82)121620_20140620 000968158 980__ $$aI:(DE-82)124510_20160614 000968158 980__ $$aUNRESTRICTED 000968158 980__ $$aVDB 000968158 980__ $$acontb 000968158 980__ $$acontrib